01334nas a2200277 a 4500001001000000003000400010005001700014008004100031022001400072040003000086043000900116245001700125260009200142300002400234310001500258362005000273500006500323500004200388505029900430650006500729650008400794700004100878942001500919952010500934999001701039000045421DLC20240902152101.0150309c20149999dr r1pdd 0 0spa d a2308-0556 aDO-SdBNPbspacBNPHUerda anwdr00aCapacitando. aSanto Domingo, República Dominicana :bCapacitando Global SRL.,c2014fEditora Tele-3 av. :bil. ;c28 cm. aTrimestral1 aInicia con: Año.2: no.5 (Enero-marzo, 2014) aCatalogación basada en: Año.2: no.5 (Enero-marzo, 2014). aDirector: 2014, Eric R. Oller Valerio aLa revista capacitando es una publicación de la firma Capacitando Global, SRL. Los comceptos expresados constituyen la opinión de los autores y es de su exclusiva responsabilidad. Queda prohibida la reproducción parcial o total de los contenidos sin autorización expresa de sus autores. 4aTecnologíaxEnseñanzavPUBLICACIONES PERIÓDICAS973469 4aEducación superiorxServicios de informaciónzRepública Dominicana9734701 aOller Valerio, Eric R.,edir.973471 2ddccISSUE 0010718PDaPDbPDcHDd2015-03-09iLF1l0o p45422-10r2020-06-25w2020-06-25yLFPDZNo se presta c44910d44910